Stations des Portes du Soleil - Statistiques

Statistiques générales
  • Ce quiz a été pris 46 fois
  • Le résultat moyen est 8 sur 12
Statistiques - réponses
Réponse % Correct
Avoriaz
97%
Morzine
91%
Les Gets
85%
Chatel
82%
Champéry
68%
Morgins
68%
Les Crosets - Champoussin
65%
La Chapelle d'Abondance
59%
Abondance
53%
Roc d'Enfer - Saint Jean d'Aulps
53%
Torgon
53%
Montriond
38%
Aucun quiz correspondant
Distribution des résultats
% des personnes avec chaque résultat
Percentile par nombre de réponses
Votre historique - résultats
Vous n’avez pas pris ce quiz